MDQL
is popping MORE tags! Check the
thread
!
Quizzes
Events
Quiz Creation
Community
Videos
Private Events
Remove Ads
Sign In
Join for FREE
Feedback
Dark Mode
Quiz Categories
Sports
Geography
Music
Movies
Television
Just For Fun
Miscellaneous
History
Literature
Language
Science
Gaming
Entertainment
Religion
Holiday
For Kids
Quiz Lab
Recent
Popular Today
Quiz Kudos Today
Editor Picks
Curator Picks
Quizzes by...
Day
Popularity
Type
Ratings
Length
Year
Community
Subscriptions
Recent Discussions
Orange Saloon
Badges
Playlists
Quests
Create
Leaderboards
Showdown
Live 5
Trivia Bingo
Activity
Puzzle Library
Sporcle Events
Private Events
Virtual Trivia
Globe League
Become a Host
Pub Owners
SporcleCon
Opinionation
Our Games
Videos
Blog
Mobile Apps
Partnerships
Remove Ads and Go Orange
Feedback
Religion
Mythology
Religious Music
World Religions
Bible
Christianity
Catholicism
Judaism
Church
Scripture
Islam
Verse
Religion
Mythology
Religious Music
World Religions
Bible
Christianity
Catholicism
Judaism
Church
Scripture
Islam
Verse
Random Quiz
Search Sporcle
×
Quiz Lab
Quiz Lab
Religion
World
Type in answers that appear in a list
Type in answers that appear in a list
Classic
Best Score? Go Orange.
Gandhi's Seven Blunders Stats
Can you name the 'Seven Blunders of the World' according to Gandhi?
By
EggHeadNurse
5m
7 Questions
51 Plays
51 Plays
51 Plays
Comments
Comments
Give Quiz Kudos
Give Quiz Kudos
-
- Ratings
hide this ad
Replay
Link that replays current quiz
Next Quiz
Link to next quiz in quiz playlist
You Got
0%
They Got
Avg Score
76%
Avg Friend Score
Upgrade to see
Score Distribution
Jump to the score distribution portion of the page
Score
0/7
Timer
05:00
0
Plays Today
Blunder
% Correct
Wealth without Work
90.2%
Worship without Sacrifice
88.2%
Pleasure without Conscience
78.4%
Politics without Principle
76.5%
Science without Humanity
74.5%
Knowledge without Character
72.5%
Commerce without Morality
68.6%
Quiz Playlist
Details
Report
Send in Message
Add To Playlist
Classic:
Type in answers that appear in a list
Quiz Source
Last Updated: Feb 16, 2017
Quiz Scoreboard
CHALLENGE
Sign Up to Join the Scoreboard
Show All
Scores
Hide
Comments
May contain spoilers
Recently Published
Colored Red Africa Blitz
by spor1
Geography
30s
Find the 'City' Movie
by crazypaving
Movies
60s
5x2 Blitz: Bands
by SL_Kpop136
Music
30s
More to Explore
Quiz From the Vault
Featured Blog Post
14 Easter Pick-up Lines to Find Eggs With
hide this ad
You Might Also Like...
Tags
World Quiz
Blunder
Seven
Today's Top Quizzes in Religion
Browse Religion
hide this ad
Today's Top Quizzes in World
Browse World
Top Contributed Quizzes in Religion
1
Christmas Pick: Judaism
2
Christmas Pick: World Religions
3
Christmas Pick: Islam
4
Longevity in the Bible
5
Artistic Maundy Thursday
6
Mythological Creature Bunker
7
Christmas Pick: Religious Music
8
Christmas Pick: Scripture
9
99 names of Allah
10
5-to-1: Children of Gods
Explore More
Trending Topics
NBA
Marvel
Kpop
Harry Potter
Anime
Disney
Crossword
WWE
Song
Pokémon
Puzzle
NFL
The Office
Soccer
Country
hide this ad
More By:
EggHeadNurse
Quiz
Plays
Rating
Category
Featured
Created
Game of Thrones Episodes - Title Meanings
16,308
4.69
Television
Sep 8, 2013
Game of Thrones Characters - According to a Dad
4,506
2.37
Television
Jun 6, 2011
Columbo Guest Stars (Murderers)
2,758
5.00
Television
Oct 23, 2010
EastEnders - Original Character Deaths
2,651
4.50
Television
Nov 21, 2010
Quantum Leap Episodes
1,579
3.80
Television
Mar 6, 2010
Go to Creator's Profile
Score Distribution
Quiz Creator Spotlight
EggHeadNurse
Follow
Send a Message
Quizzes Created
-
Created Quiz Play Count
-
More By This Creator
Popular Quizzes Today
1
Colored Red Africa Blitz
2
Find the 'City' Movie
3
5x2 Blitz: Bands
4
Find the US States - No Outlines Minefield
5
The Countries of the World
6
Find the US States
7
US States
8
Find the Countries of Europe - No Outlines Minefield
More Religion Quizzes
Alphabetised Anagrams: World Religions
Quiz Lab
Trending Quizzes
Colored Red Europe Blitz I
Colored Red Europe Blitz II
Colored Red Africa Blitz II
Colored Red Europe Blitz III
Colored Red Africa Blitz III
Recently Updated
How Do You Spell That?
pecheneg
Godzilla Movies
pecheneg
Grab Bag: 4-10 Letters
pecheneg
2024 March Madness Bracket
pecheneg
Famous TV Couples
Peacemaker
Champions League XIs: Real Madrid
pecheneg
Largest US Cities 1790-2010
pecheneg
Rides in Walt Disney World
pecheneg
Most Oscar Losses (Acting)
pecheneg
Beyoncé Albums
pecheneg
Trending Topics
NBA
Disney
Crossword
Harry Potter
Anime
Kpop
Marvel
Country
Soccer
Song
NFL
Puzzle
WWE
Pokémon
The Office
Your Account Isn't Verified!
In order to create a playlist on Sporcle, you need to verify the email address you used during registration. Go to your
Sporcle Settings
to finish the process.
Report this User
Report this user for behavior that violates our
Community Guidelines
.
Details:
Send Report
Go to the Sporcle.com Mobile Site →
Comments